| 000 | 00826nam a2200217Ia 4500 | ||
|---|---|---|---|
| 001 | 3737 | ||
| 003 | OSt | ||
| 005 | 20250224091515.0 | ||
| 008 | 241024s2012 dr adcofrb o001 0cund d | ||
| 020 | _a2307-2393 | ||
| 040 |
_aCGID009 _bspa _cCGID009 _erda |
||
| 082 | 0 | 4 |
_aRD/371.3/R426m/2012/2 _221 |
| 110 | _aRepública Dominicana. Ministerio de Educación. Instituto Dominicano de Evaluación e Investigación de la Calidad Educativa (IDEICE) | ||
| 245 | 0 |
_aMemoria 3er. congreso internacional IDEICE, 2012. _cInstituto Dominicano de Evaluación e Investigación de la Calidad Educativa |
|
| 260 |
_bSanto Domingo _c2012 |
||
| 650 | _aMemoria | ||
| 710 | _aInstituto Dominicano de Evaluación e Investigación de la Calidad Educativa (IDEICE) | ||
| 901 | _a20/3/2014 10:50:02 a.m. | ||
| 942 |
_2ddc _cLIB _n0 |
||
| 999 |
_c8838 _d8838 |
||